| 000 | 00793nam a2200253 i 4500 | ||
|---|---|---|---|
| 003 | DO-SdBNP | ||
| 005 | 20250131140203.0 | ||
| 007 | ta | ||
| 008 | 240403e1969 |||||||| |||| 00| 0 spa d | ||
| 040 |
_aDO-SdBNP _bspa _cBNPHU _erda |
||
| 082 | 4 |
_aRD861.44 _bM671h 1969 _222 |
|
| 100 | 1 |
_aMir, Pedro, _d1913-2000 _eautor _4aut. _97245 |
|
| 245 | 1 | 0 |
_aHay un país en el mundo: _bpoema gris en varias ocasiones / _cPedro Mir. |
| 250 | _asexta edición | ||
| 264 | 1 |
_aSanto Domingo : _bEditora Nuevo Mundo, _c1969. |
|
| 300 |
_a17 páginas ; _c22 cm. |
||
| 336 |
_atexto _btxt _2rdacontent |
||
| 337 |
_asin mediación _bn _2rdamedia |
||
| 338 |
_avolumen _bnc _2rdacarrier |
||
| 590 | _aInventariado 2024 / MF | ||
| 650 | 4 | _aPoesía dominicana | |
| 650 | 4 | _aLiteratura dominicana. | |
| 942 |
_2ddc _cLF2 |
||
| 999 |
_c56226 _d56226 |
||